Technologie obilovin
Saved in:
| Main Author: | |
|---|---|
| Format: | Book |
| Language: | Undetermined |
| Published: |
Praha
SNTL
1956
|
| Online Access: | View in OPAC |
| Tags: |
No Tags, Be the first to tag this record!
|
MARC
| LEADER | 00000nam a2200000 a 4500 | ||
|---|---|---|---|
| 005 | 20260127133935.0 | ||
| 008 | 020608s1956 xx 0 und c | ||
| 035 | |a vtls001435889 | ||
| 035 | |a SNK000390980 | ||
| 039 | 9 | |a 201605131206 |b AUTHORITY |c 200511241142 |d mschk03 |y 200412292051 |z VLOAD | |
| 040 | |a SNK |b slo |c SNK |d STUSCHK1 |e AACR2 | ||
| 100 | 1 | |a Hampl, Jan, |d 1895-1970 |9 283 | |
| 245 | 1 | |a Technologie obilovin | |
| 260 | |a Praha |b SNTL |c 1956 | ||
| 300 | |a 230 s. | ||
| 910 | |a SCHK95 | ||
| 999 | |c 520 |d 520 | ||